| 000 | 00457nam a22001697a 4500 | ||
|---|---|---|---|
| 999 |
_c523767 _d523767 |
||
| 003 | NUST | ||
| 038 | _awaseem | ||
| 082 |
_a891.4393 _bNAS |
||
| 100 |
_aNasim, Anwar _914543 |
||
| 245 |
_aWo Qurbatian, Ye Faslay / _cAnwar Nasim |
||
| 260 |
_aIslamabad : _bDost Publications, _c2010. |
||
| 300 | _a148 p. ; | ||
| 500 | _aHardcover. | ||
| 880 |
_6100-02\r _aانور نسیم |
||
| 880 |
_6245-02\r _aوہ قربتیں، یہ فاصلے / |
||
| 942 |
_2ddc _cBK |
||